[Event "Medellin Aristizabal Cup"]
[Site "Medellin"]
[Date "2019.01.26"]
[Round "6"]
[White "David, Andersson"]
[Black "Zuluaga Ramirez, Walter"]
[Result "0-1"]
[WhiteElo "1877"]
[BlackElo "1697"]
[PlyCount "38"]
[EventDate "2019.01.24"]
[EventType "swiss"]
[EventRounds "7"]
[EventCountry "COL"]
[SourceTitle "EXT 2020"]
[Source "ChessBase"]
[SourceDate "2019.10.17"]
[SourceVersion "1"]
[SourceVersionDate "2019.10.17"]
[SourceQuality "1"]

1. d4 f5 2. Bf4 Nf6 3. e3 e6 4. Nd2 Be7 5. h3 0-0 6. Bd3 d5 7. Ngf3 c6 8. 0-0 Bd6 9. Ne5 Ne4 10. Ndf3 g5 11. Bxe4 gxf4 12. Bd3 fxe3 13. fxe3 Nd7 14. Qe2 Nxe5 15. dxe5 Bc5 16. Qe1 Bd7 17. Qg3+ Kh8 18. Rae1 Rg8 19. Qf4 Be7 0-1

[Event "Medellin Aristizabal Cup"]
[Site "Medellin"]
[Date "2019.01.25"]
[Round "5"]
[White "Zuluaga Ramirez, Walter"]
[Black "Garcia Ramirez, Ramon"]
[Result "1-0"]
[WhiteElo "1697"]
[BlackElo "1548"]
[PlyCount "37"]
[EventDate "2019.01.24"]
[EventType "swiss"]
[EventRounds "7"]
[EventCountry "COL"]
[SourceTitle "EXT 2020"]
[Source "ChessBase"]
[SourceDate "2019.10.17"]
[SourceVersion "1"]
[SourceVersionDate "2019.10.17"]
[SourceQuality "1"]

1. e4 c5 2. f4 d6 3. Nf3 Nc6 4. Bc4 Nf6 5. Nc3 a6 6. 0-0 e6 7. a4 g6 8. d3 Bg7 9. h3 Qc7 10. Bd2 b6 11. Ne2 0-0 12. c3 Bb7 13. Bb3 b5 14. Bc2 b4 15. Rc1 a5 16. Ng3 Rac8 17. Kh2 Qb6 18. c4 Ba6 19. b3 1-0